000 00379nam a2200145Ia 4500
005 20251222151343.0
008 251222s9999||||xx |||||||||||||| ||spa||
020 _a978-84-9751-332-6
082 _a616.891.7/P43
100 _aPérez de los Cobos Peris, José
245 0 _aTrastornos duales:
250 _a1a.ed.
264 _bArs Medica XXI de Comunicación,
942 _cLIB
999 _c24549
_d24549